[Event "3. Open Pueblo Nuevo"]
[Site "Madrid ESP"]
[Date "2006.10.22"]
[Round "6.8"]
[White "Ruiz Quevedo, Andres"]
[Black "Picon Rodriguez, Jose"]
[Result "0-1"]
[WhiteElo "1879"]
[BlackElo "2027"]
[PlyCount "142"]
[EventDate "2006.10.06"]
[EventType "swiss"]
[EventRounds "9"]
[EventCountry "ESP"]
[Source "lmi"]
[SourceDate "2006.10.06"]

1. e4 c5 2. Nf3 d6 3. d4 cxd4 4. Nxd4 Nf6 5. Nc3 a6 6. g3 e5 7. Nde2 Be7 8. Bg2
Be6 9. O-O Nbd7 10. h3 b5 11. g4 Nb6 12. Ng3 b4 13. Nd5 Nbxd5 14. exd5 Bc8 15.
a3 Rb8 16. axb4 Rxb4 17. Bd2 Rxb2 18. Ba5 Qd7 19. g5 Ng8 20. f4 Qa7+ 21. Kh1
exf4 22. Rxf4 Qe3 23. Rc4 Rb8 24. Rc3 Qxg5 25. Bc7 Ra8 26. Ne4 Qe5 27. Rc6 Bxh3
28. Nxd6+ Bxd6 29. Bxd6 Bxg2+ 30. Kxg2 Qg5+ 31. Bg3 Ne7 32. Rcxa6 Rxa6 33. Rxa6
O-O 34. d6 Nf5 35. Qd3 h5 36. Kh2 Rd8 37. Bf2 Qf4+ 38. Kg1 Rxd6 39. Rxd6 Nxd6
40. Bg3 Qc1+ 41. Kh2 Ne8 42. c4 Nf6 43. Qd8+ Kh7 44. Qd3+ g6 45. Bd6 Ng4+ 46.
Kg2 Qb2+ 47. Kf3 Qf2+ 48. Ke4 Qf5+ 49. Kd4 Qxd3+ 50. Kxd3 Kg7 51. c5 Kf6 52. c6
Ke6 53. Bf4 Nf6 54. Kd4 h4 55. Kc5 Nd5 56. Bh2 g5 57. Kd4 f5 58. c7 Ne7 59. Ke3
Kd7 60. Kf3 Nd5 61. Be5 Nxc7 62. Bf6 Ne6 63. Kg2 Kd6 64. Kh3 Kd5 65. Bxg5 Nxg5+
66. Kxh4 Nf3+ 67. Kg3 Ke4 68. Kf2 Ng5 69. Ke2 Nh3 70. Ke1 Kf4 71. Kf1 Kg3 0-1

[Event "3. Open Pueblo Nuevo"]
[Site "Madrid ESP"]
[Date "2006.10.27"]
[Round "7.1"]
[White "Salgado Lopez, Oscar"]
[Black "Alonso Abad, Enrique"]
[Result "1/2-1/2"]
[WhiteElo "2199"]
[BlackElo "2132"]
[PlyCount "120"]
[EventDate "2006.10.06"]
[EventType "swiss"]
[EventRounds "9"]
[EventCountry "ESP"]
[Source "lmi"]
[SourceDate "2006.10.06"]

1. e4 e6 2. d4 d5 3. e5 c5 4. c3 Nc6 5. Nf3 Bd7 6. a3 f6 7. Bd3 fxe5 8. dxe5
Qc7 9. Bf4 O-O-O 10. O-O Nh6 11. Re1 Nf7 12. Qe2 Be7 13. h4 Rdf8 14. Nbd2 Nh6
15. g3 Nf5 16. Bg5 Be8 17. g4 Nh6 18. Bxe7 Qxe7 19. Ng5 Bg6 20. Bxg6 hxg6 21.
Kg2 Rf4 22. f3 Nxg4 23. fxg4 Rxh4 24. Ngf3 Rhxg4+ 25. Kh1 Rf5 26. Nf1 Rgf4 27.
N1h2 g5 28. Rg1 Re4 29. Qg2 Nxe5 30. Nxe5 Rfxe5 31. Raf1 Re2 32. Rf2 Rxf2 33.
Qxf2 Rf5 34. Qg3 Qc7 35. Qxc7+ Kxc7 36. Kg2 e5 37. Ng4 Kd6 38. Rh1 Rf4 39. Kg3
e4 40. Rh5 Rf3+ 41. Kg2 Rd3 42. Rxg5 Rd2+ 43. Kg3 Rxb2 44. Kf4 Rc2 45. Rg6+ Kd7
46. Rxg7+ Kc6 47. Ne3 Rd2 48. c4 Rf2+ 49. Ke5 dxc4 50. Nxc4 Kb5 51. Nd6+ Ka4
52. Nxe4 Rb2 53. Nxc5+ Kxa3 54. Nxb7 a5 55. Kd4 Rb4+ 56. Kc3 Rb3+ 57. Kc2 Rb2+
58. Kc1 Rb5 59. Nd6 Rh5 60. Rg3+ Kb4 1/2-1/2

[Event "3. Open Pueblo Nuevo"]
[Site "Madrid ESP"]
[Date "2006.10.27"]
[Round "7.2"]
[White "Gomez Ferrer, Jesus"]
[Black "Prieto Honorato, Jose Carlos"]
[Result "1-0"]
[WhiteElo "1892"]
[BlackElo "1971"]
[PlyCount "121"]
[EventDate "2006.10.06"]
[EventType "swiss"]
[EventRounds "9"]
[EventCountry "ESP"]
[Source "lmi"]
[SourceDate "2006.10.06"]

1. e4 g6 2. d4 d6 3. Nc3 Bg7 4. f4 Nc6 5. Be3 e5 6. dxe5 dxe5 7. Qxd8+ Kxd8 8.
O-O-O+ Bd7 9. Bc4 exf4 10. Bxf4 Bh6 11. Bxh6 Nxh6 12. Nf3 Ng4 13. Bxf7 Ke7 14.
Rhe1 Nce5 15. Nxe5 Nxe5 16. Bb3 c6 17. h3 g5 18. Ne2 g4 19. h4 Be6 20. Bxe6
Kxe6 21. Nd4+ Kd6 22. Nf3+ Ke6 23. Nd4+ Kd6 24. Nb5+ Ke7 25. Nd6 b6 26. Nf5+
Kf7 27. Rd6 Rhd8 28. Red1 Rxd6 29. Rxd6 Re8 30. b3 c5 31. Kd2 Ng6 32. Ke3 Ne5
33. h5 c4 34. Kf4 cxb3 35. axb3 Kg8 36. Rd5 Nc6 37. Nh6+ Kg7 38. Nxg4 Rf8+ 39.
Ke3 Rf7 40. e5 Nb4 41. Rd2 Rc7 42. c4 Kf7 43. Ke4 Na6 44. Nh6+ Kg7 45. Nf5+ Kf8
46. Rd8+ Kf7 47. Nd6+ Ke7 48. Rh8 Ke6 49. Re8+ Kd7 50. Kf5 Nc5 51. Rh8 Kc6 52.
b4 Nd3 53. Rc8 Nxb4 54. Rxc7+ Kxc7 55. Nb5+ Kb7 56. e6 Nc6 57. Kf6 a6 58. Nc3
Kc8 59. g4 Kd8 60. g5 Na5 61. g6 1-0

[Event "3. Open Pueblo Nuevo"]
[Site "Madrid ESP"]
[Date "2006.10.27"]
[Round "7.3"]
[White "Picon Rodriguez, Jose"]
[Black "Prieto Honorato, Juan Maria"]
[Result "1/2-1/2"]
[WhiteElo "2027"]
[BlackElo "2158"]
[PlyCount "94"]
[EventDate "2006.10.06"]
[EventType "swiss"]
[EventRounds "9"]
[EventCountry "ESP"]
[Source "lmi"]
[SourceDate "2006.10.06"]

1. e4 g6 2. d4 Bg7 3. f4 d5 4. e5 Nh6 5. Nf3 O-O 6. Bd3 b6 7. Qe2 c5 8. Be3
cxd4 9. Nxd4 Nf5 10. Nxf5 Bxf5 11. Bxf5 gxf5 12. Nd2 Nc6 13. Nf3 f6 14. Nd4
Nxd4 15. Bxd4 Qc7 16. exf6 Bxf6 17. Bxf6 Rxf6 18. O-O Rg6 19. Rad1 e6 20. Rd3
Kf7 21. Rc3 Qd6 22. Qa6 Qd7 23. a4 Rgg8 24. a5 Rgc8 25. Rff3 bxa5 26. Rh3 Kg8
27. Rcg3+ Kh8 28. Qe2 Rg8 29. Qe5+ Rg7 30. Rh6 Re8 31. Rgg6 Qc7 32. Rxe6 Qxe5
33. fxe5 Rxe6 34. Rxe6 Rc7 35. c3 Rb7 36. Ra6 Rxb2 37. Rxa5 Rc2 38. Rxd5 Rxc3
39. Rd8+ Kg7 40. Rd7+ Kg6 41. Rxa7 Re3 42. Ra6+ Kg5 43. e6 h5 44. Kf2 Re5 45.
g3 h4 46. Kf3 hxg3 47. hxg3 Re1 1/2-1/2

[Event "3. Open Pueblo Nuevo"]
[Site "Madrid ESP"]
[Date "2006.10.27"]
[Round "7.4"]
[White "Aziz Ortego, Omar"]
[Black "Martinez Garcia, Felipe"]
[Result "1-0"]
[WhiteElo "2096"]
[BlackElo "2028"]
[PlyCount "91"]
[EventDate "2006.10.06"]
[EventType "swiss"]
[EventRounds "9"]
[EventCountry "ESP"]
[Source "lmi"]
[SourceDate "2006.10.06"]

1. d4 g6 2. e4 Bg7 3. f4 d6 4. Nf3 f5 5. e5 e6 6. c4 Ne7 7. Nc3 d5 8. b3 c6 9.
Be2 Na6 10. O-O Nc7 11. Be3 O-O 12. Rc1 Rb8 13. c5 b5 14. cxb6 axb6 15. Na4 Ba6
16. Ng5 Bxe2 17. Qxe2 h6 18. Nf3 Qc8 19. Nh4 Kh7 20. Qf2 Na6 21. Qg3 Qe8 22.
Rf3 b5 23. Nc5 Nxc5 24. Rxc5 Ra8 25. Qf2 Rh8 26. Rc2 Ra6 27. Bd2 Bf8 28. Rg3
Rg8 29. Bb4 Nc8 30. Bxf8 Qxf8 31. Rgc3 Ne7 32. Nf3 Qf7 33. Qh4 Kg7 34. Ne1 Rga8
35. Rh3 Ng8 36. Nd3 Rxa2 37. Rxc6 Qa7 38. Nc5 Ra1+ 39. Kf2 Qa2+ 40. Ke3 Ra3 41.
Nxe6+ Kh8 42. Qxh6+ Nxh6 43. Rxh6+ Kg8 44. Rc8+ Kf7 45. Rc7+ Kg8 46. Rg7# 1-0

[Event "3. Open Pueblo Nuevo"]
[Site "Madrid ESP"]
[Date "2006.10.27"]
[Round "7.5"]
[White "Del Barrio Garcia, Alberto"]
[Black "Sotnikov, Taras"]
[Result "0-1"]
[WhiteElo "2002"]
[BlackElo "1862"]
[PlyCount "80"]
[EventDate "2006.10.06"]
[EventType "swiss"]
[EventRounds "9"]
[EventCountry "ESP"]
[Source "lmi"]
[SourceDate "2006.10.06"]

1. e4 e5 2. Nf3 Nc6 3. Bc4 Bc5 4. b4 Bxb4 5. c3 Ba5 6. d4 Nge7 7. O-O O-O 8. d5
Nb8 9. Nxe5 d6 10. Ng4 Ng6 11. Ne3 Nd7 12. Bb2 Nde5 13. Be2 Bb6 14. Qd2 Qh4 15.
f3 Nf4 16. Kh1 Bxe3 17. Qxe3 Nxg2 18. Kxg2 Bh3+ 19. Kh1 Bxf1 20. Bxf1 f5 21.
Nd2 fxe4 22. Qxe4 Rf4 23. Qe1 Qh6 24. Qg3 Raf8 25. Be2 R8f6 26. c4 Rg6 27. Qe1
Rh4 28. Nf1 Qg5 29. Qf2 Qf6 30. Re1 Rf4 31. Bxe5 dxe5 32. Qxa7 Qh4 33. Rd1 Qh3
34. Qf2 Rf5 35. Bd3 Rxf3 36. Qe2 Rg5 37. Be4 Rf4 38. Bg2 Qh4 39. Qe1 Rf2 40.
Qe4 Rfxg2 0-1

[Event "3. Open Pueblo Nuevo"]
[Site "Madrid ESP"]
[Date "2006.10.27"]
[Round "7.6"]
[White "Adedeji, Adekola"]
[Black "Nuñez Muñoz, Jesus"]
[Result "0-1"]
[WhiteElo "2109"]
[BlackElo "2184"]
[PlyCount "90"]
[EventDate "2006.10.06"]
[EventType "swiss"]
[EventRounds "9"]
[EventCountry "ESP"]
[Source "lmi"]
[SourceDate "2006.10.06"]

1. e4 c5 2. Nf3 Nc6 3. d4 cxd4 4. Nxd4 Nf6 5. Nc3 d6 6. Bg5 e6 7. Be2 Be7 8.
O-O O-O 9. Qd2 a6 10. Rad1 Qc7 11. Kh1 Rd8 12. Nb3 b5 13. a3 Bb7 14. Qe3 Rac8
15. f4 h6 16. Bxf6 Bxf6 17. f5 Qe7 18. fxe6 fxe6 19. Qh3 Bxc3 20. bxc3 Ne5 21.
Rf4 Rf8 22. Rdf1 Rxf4 23. Rxf4 Ng6 24. Rg4 Qf6 25. Nd4 Rf8 26. Qe3 Ne5 27. Rg3
Bxe4 28. Nxe6 Bxg2+ 29. Kxg2 Qxe6 30. Qe4 Qf6 31. Qd4 Ng6 32. Qd5+ Kh8 33. Kh1
Nf4 34. Qf3 Nxe2 35. Qxe2 Qf1+ 36. Qxf1 Rxf1+ 37. Rg1 Rxg1+ 38. Kxg1 g5 39. Kf2
Kg7 40. Ke3 Kf6 41. Kd4 Kf5 42. Kd5 h5 43. Kxd6 Kg4 44. Kc5 h4 45. Kd4 Kf4 0-1

[Event "3. Open Pueblo Nuevo"]
[Site "Madrid ESP"]
[Date "2006.10.27"]
[Round "7.7"]
[White "Ruiz Quevedo, Andres"]
[Black "Fernandez Lledo, Javier"]
[Result "1-0"]
[WhiteElo "1879"]
[BlackElo "1907"]
[PlyCount "53"]
[EventDate "2006.10.06"]
[EventType "swiss"]
[EventRounds "9"]
[EventCountry "ESP"]
[Source "lmi"]
[SourceDate "2006.10.06"]

1. b3 e5 2. c4 Nc6 3. e3 Bc5 4. a3 a6 5. Bb2 d6 6. Nf3 Qe7 7. Be2 Nf6 8. d3 h6
9. O-O O-O 10. Nbd2 Bd7 11. Qc2 Nh7 12. Rfe1 Qd8 13. d4 exd4 14. exd4 Ba7 15.
d5 Ne7 16. Qc3 f6 17. Nd4 Qc8 18. Bd3 Rf7 19. Re2 c5 20. Ne6 Nf8 21. Rae1 Nfg6
22. Qc2 Nf8 23. Ne4 Bb8 24. Ng3 b5 25. Nh5 Bc7 26. Nexg7 Nxd5 27. cxd5 1-0

[Event "3. Open Pueblo Nuevo"]
[Site "Madrid ESP"]
[Date "2006.10.27"]
[Round "7.8"]
[White "Martinez Rubio, Felipe"]
[Black "Holdsworth, Simon Paul"]
[Result "0-1"]
[WhiteElo "1904"]
[BlackElo "2072"]
[PlyCount "108"]
[EventDate "2006.10.06"]
[EventType "swiss"]
[EventRounds "9"]
[EventCountry "ESP"]
[Source "lmi"]
[SourceDate "2006.10.06"]

1. d4 g6 2. c4 Bg7 3. Nc3 Nf6 4. e4 d6 5. Nf3 O-O 6. Be2 Nc6 7. O-O e5 8. dxe5
dxe5 9. Qxd8 Rxd8 10. Bg5 Ne7 11. Rfd1 Bg4 12. Rxd8+ Rxd8 13. Rd1 Rxd1+ 14.
Bxd1 h6 15. Bxf6 Bxf6 16. Nd5 Nxd5 17. cxd5 Kf8 18. h3 Bd7 19. Kf1 Ke7 20. Nd2
Kd6 21. Bg4 Be8 22. Bc8 b6 23. Bb7 Bb5+ 24. Ke1 Kc5 25. g3 g5 26. Nb3+ Kc4 27.
Kd2 Be7 28. Ke3 Bd6 29. f3 Kb4 30. Kd2 Kc4 31. Ke3 Kb4 32. Kd2 a5 33. Nc1 a4
34. Nd3+ Kc4 35. Ke3 a3 36. bxa3 Kc3 37. f4 Bxd3 38. fxe5 Bxe5 39. h4 gxh4 40.
gxh4 Bb1 41. Bc6 Bxa2 42. a4 Kb4 43. Be8 f6 44. Kf3 Bb3 45. Kg4 Bxa4 46. Bf7
Bd1+ 47. Kf5 Kc3 48. Kg6 b5 49. Kxh6 b4 50. Kg6 b3 51. d6 cxd6 52. h5 Bxh5+ 53.
Kxh5 b2 54. Ba2 Kc2 0-1

[Event "3. Open Pueblo Nuevo"]
[Site "Madrid ESP"]
[Date "2006.10.28"]
[Round "8.2"]
[White "Holdsworth, Simon Paul"]
[Black "Picon Rodriguez, Jose"]
[Result "0-1"]
[WhiteElo "2072"]
[BlackElo "2027"]
[PlyCount "74"]
[EventDate "2006.10.06"]
[EventType "swiss"]
[EventRounds "9"]
[EventCountry "ESP"]
[Source "lmi"]
[SourceDate "2006.10.06"]

1. f4 c5 2. Nf3 Nc6 3. e4 d5 4. e5 Bg4 5. Be2 e6 6. O-O c4 7. d4 cxd3 8. cxd3
Bc5+ 9. Kh1 Nge7 10. Nc3 a6 11. Nh4 Bxe2 12. Qxe2 Ng6 13. Nf3 Nge7 14. Na4 Ba7
15. Be3 d4 16. Bf2 b5 17. Qc2 bxa4 18. Qxa4 Qa5 19. Qxa5 Nxa5 20. Nxd4 O-O 21.
b4 Bxd4 22. Bxd4 Nac6 23. Bc5 Rfd8 24. Rfd1 Nd5 25. a3 Nxf4 26. d4 Nd5 27. Rac1
Nce7 28. Rf1 Rd7 29. Rf3 h6 30. g4 Ng6 31. Rcf1 a5 32. b5 a4 33. b6 Rb7 34. Bd6
Nh8 35. Bc5 Ra5 36. Rb1 Ng6 37. Rbf1 Rb5 0-1

[Event "3. Open Pueblo Nuevo"]
[Site "Madrid ESP"]
[Date "2006.10.28"]
[Round "8.3"]
[White "Nuñez Muñoz, Jesus"]
[Black "Gomez Ferrer, Jesus"]
[Result "1-0"]
[WhiteElo "2184"]
[BlackElo "1892"]
[PlyCount "51"]
[EventDate "2006.10.06"]
[EventType "swiss"]
[EventRounds "9"]
[EventCountry "ESP"]
[Source "lmi"]
[SourceDate "2006.10.06"]

1. e4 c5 2. Nf3 d6 3. d4 cxd4 4. Nxd4 Nf6 5. Nc3 a6 6. f4 Qc7 7. a4 g6 8. Bd3
Bg7 9. Nf3 Nbd7 10. O-O b6 11. Qe1 Bb7 12. e5 dxe5 13. fxe5 Ng4 14. e6 fxe6 15.
Be4 Bd5 16. h3 Ngf6 17. Bxd5 exd5 18. Ng5 Nf8 19. Bf4 Qd7 20. Rd1 h6 21. Nf3 g5
22. Be5 O-O-O 23. Bxf6 exf6 24. Nxd5 Qb7 25. Ne7+ Kc7 26. Qc3+ 1-0

[Event "3. Open Pueblo Nuevo"]
[Site "Madrid ESP"]
[Date "2006.10.28"]
[Round "8.4"]
[White "Prieto Honorato, Juan Maria"]
[Black "Aziz Ortego, Omar"]
[Result "0-1"]
[WhiteElo "2158"]
[BlackElo "2096"]
[PlyCount "106"]
[EventDate "2006.10.06"]
[EventType "swiss"]
[EventRounds "9"]
[EventCountry "ESP"]
[Source "lmi"]
[SourceDate "2006.10.06"]

1. d4 d5 2. c4 c6 3. Nc3 Nf6 4. Nf3 dxc4 5. a4 Bf5 6. e3 e6 7. Bxc4 Nbd7 8. O-O
Be7 9. Re1 Ne4 10. Nxe4 Bxe4 11. Nd2 Bg6 12. b3 O-O 13. e4 Nb6 14. Bb2 Bf6 15.
e5 Be7 16. Ne4 Nd5 17. Qf3 Rb8 18. Ba3 Nb4 19. Rad1 b5 20. axb5 cxb5 21. Bf1
Qd5 22. Rd2 Rfc8 23. Nc5 Qxf3 24. gxf3 Nc2 25. Rxc2 Bxc2 26. b4 Bxc5 27. dxc5
Rd8 28. Bb2 a6 29. f4 Rd1 30. Re3 Rb1 31. Bc3 Rd8 32. Kg2 Rb3 33. Be2 Kf8 34.
Bf3 Bd3 35. Be1 Rd4 36. Bb7 Rxf4 37. Kg3 g5 38. Bxa6 h5 39. Bxb5 Be4 40. Be2
h4+ 41. Kh3 Rb1 42. Bg4 Bd5 43. f3 Rc4 44. Bc3 Rb3 45. Bd2 Rb2 46. Bc3 Rc2 47.
Be1 Kg7 48. Rd3 Re2 49. Bc3 Kg6 50. b5 Rxc5 51. b6 Rb5 52. Bd4 Rb1 53. Re3 Ra2
0-1

[Event "3. Open Pueblo Nuevo"]
[Site "Madrid ESP"]
[Date "2006.10.28"]
[Round "8.5"]
[White "Martinez Garcia, Felipe"]
[Black "Adedeji, Adekola"]
[Result "1-0"]
[WhiteElo "2028"]
[BlackElo "2109"]
[PlyCount "95"]
[EventDate "2006.10.06"]
[EventType "swiss"]
[EventRounds "9"]
[EventCountry "ESP"]
[Source "lmi"]
[SourceDate "2006.10.06"]

1. c3 c5 2. d4 cxd4 3. cxd4 e6 4. Bf4 d6 5. e4 Nf6 6. Bd3 Be7 7. Nc3 Nc6 8.
Nge2 O-O 9. Rc1 Nh5 10. Be3 e5 11. d5 Nb4 12. Bb1 Bg5 13. Qd2 Bxe3 14. Qxe3 Bd7
15. a3 Na6 16. O-O Nc5 17. b4 Na6 18. f4 f6 19. f5 g6 20. Qh6 Be8 21. g4 Ng7
22. Rf3 g5 23. h4 gxh4 24. Rh3 Rf7 25. Rxh4 Nc7 26. Qxh7+ Kf8 27. Qg6 a5 28.
Rh8+ Ke7 29. Rg8 axb4 30. axb4 Na6 31. Rxg7 Qb6+ 32. Kg2 Qe3 33. g5 Qxg5+ 34.
Qxg5 fxg5 35. Rxg5 Nxb4 36. Rg3 Na6 37. Bd3 Nc5 38. Rb1 Ra3 39. Bb5 Bd7 40.
Bxd7 Kxd7 41. Rg6 Ra6 42. Kf3 Ra3 43. Rb6 Rh7 44. Rgxd6+ Kc7 45. Rh6 Rd7 46.
Kg4 Kb8 47. f6 Ka7 48. Nb5+ 1-0

[Event "3. Open Pueblo Nuevo"]
[Site "Madrid ESP"]
[Date "2006.10.28"]
[Round "8.6"]
[White "Prieto Honorato, Jose Carlos"]
[Black "Ruiz Quevedo, Andres"]
[Result "1-0"]
[WhiteElo "1971"]
[BlackElo "1879"]
[PlyCount "73"]
[EventDate "2006.10.06"]
[EventType "swiss"]
[EventRounds "9"]
[EventCountry "ESP"]
[Source "lmi"]
[SourceDate "2006.10.06"]

1. e4 c5 2. Nf3 d6 3. c3 Nf6 4. h3 Nbd7 5. Bd3 e5 6. O-O Be7 7. Bc2 O-O 8. d3
Re8 9. Be3 Bf8 10. Nbd2 d5 11. Bb3 d4 12. Bg5 h6 13. Bh4 Bd6 14. Bg3 Nf8 15.
Nc4 Ng6 16. cxd4 cxd4 17. Nxd4 Bc5 18. Nf3 Qc7 19. d4 Nxe4 20. dxc5 Qxc5 21.
Kh2 Be6 22. Qe2 Bd5 23. Rac1 Qf8 24. Nfd2 Nc5 25. Bc2 Nf4 26. Bxf4 exf4 27. Qh5
Be6 28. b3 f5 29. Rfe1 Rad8 30. Nf1 b5 31. Ncd2 Rd5 32. b4 Nd3 33. Rxe6 Rxe6
34. Bb3 Rde5 35. Rc6 Qf6 36. Rxe6 Rxe6 37. Qe8+ 1-0

[Event "3. Open Pueblo Nuevo"]
[Site "Madrid ESP"]
[Date "2006.10.28"]
[Round "8.7"]
[White "Moratalla Garcia, Joaquin"]
[Black "Del Barrio Garcia, Alberto"]
[Result "0-1"]
[WhiteElo "1784"]
[BlackElo "2002"]
[PlyCount "102"]
[EventDate "2006.10.06"]
[EventType "swiss"]
[EventRounds "9"]
[EventCountry "ESP"]
[Source "lmi"]
[SourceDate "2006.10.06"]

1. c4 e5 2. Nc3 Nc6 3. g3 f5 4. Bg2 Nf6 5. d3 Bc5 6. e3 O-O 7. Nge2 d6 8. O-O
Ne7 9. a3 c6 10. b4 Bb6 11. Bb2 Be6 12. Na4 Bc7 13. Qc2 g5 14. f4 Ng6 15. h3
gxf4 16. exf4 exf4 17. Nxf4 Nxf4 18. Rxf4 d5 19. Rf3 d4 20. Nc5 Bc8 21. Re1 Qd6
22. Qf2 b6 23. Nb3 c5 24. b5 Bd7 25. Qd2 Rae8 26. Rxe8 Rxe8 27. Bc1 Qe7 28. Kf2
Qg7 29. Qg5 h6 30. Qxg7+ Kxg7 31. Bf4 Bxf4 32. Rxf4 Kg6 33. Bf3 Bc8 34. a4 Re3
35. Nc1 Nd7 36. g4 Ne5 37. gxf5+ Bxf5 38. Be4 Bxe4 39. Rxe4 Rxe4 40. dxe4 Nxc4
41. Nb3 Kg5 42. Kg3 Ne5 43. h4+ Kf6 44. Kf4 Ng6+ 45. Kg4 Ne5+ 46. Kf4 d3 47.
Nd2 c4 48. Ke3 Ke6 49. Nxc4 Nxc4+ 50. Kxd3 Nb2+ 51. Kd4 Nxa4 0-1

[Event "3. Open Pueblo Nuevo"]
[Site "Madrid ESP"]
[Date "2006.10.28"]
[Round "8.8"]
[White "Alonso Abad, Enrique"]
[Black "Martin Prieto, Oscar"]
[Result "1/2-1/2"]
[WhiteElo "2132"]
[BlackElo "2163"]
[PlyCount "110"]
[EventDate "2006.10.06"]
[EventType "swiss"]
[EventRounds "9"]
[EventCountry "ESP"]
[Source "lmi"]
[SourceDate "2006.10.06"]

1. d4 Nf6 2. c4 c5 3. d5 b5 4. cxb5 a6 5. e3 g6 6. Nc3 Bg7 7. Nf3 O-O 8. bxa6
Bxa6 9. Bxa6 Nxa6 10. O-O d6 11. Qe2 Qb6 12. Nd2 Nc7 13. e4 Qb7 14. Nc4 Nd7 15.
Bg5 Rfe8 16. Rfd1 Nb6 17. Nxb6 Qxb6 18. Rac1 Rab8 19. b3 Qa5 20. Bd2 Qa6 21.
Kf1 Ra8 22. Rc2 Reb8 23. Rb1 Qxe2+ 24. Kxe2 Bxc3 25. Bxc3 Nb5 26. Bb2 Rxa2 27.
Kd3 Nc7 28. Bc3 Ra3 29. Rcb2 Na6 30. f3 Nb4+ 31. Kc4 Kf8 32. Rd2 Na2 33. Rdb2
Nxc3 34. Kxc3 e6 35. Rd1 Ke7 36. h3 Rb4 37. g4 e5 38. g5 f6 39. h4 f5 40. Re1
Rd4 41. Ree2 c4 42. Re3 f4 43. Re1 cxb3 44. Reb1 Ra7 45. Rxb3 Rc7+ 46. Kb2 Rd2+
47. Ka3 Ra7+ 48. Kb4 Rc2 49. Kb5 Kd7 50. Kb6 Rcc7 51. Kb5 Rc5+ 52. Kb6 Ra8 53.
R1b2 Rcc8 54. Kb5 Rc5+ 55. Kb6 Rcc8 1/2-1/2

[Event "3. Open Pueblo Nuevo"]
[Site "Madrid ESP"]
[Date "2006.10.28"]
[Round "8.9"]
[White "Sotnikov, Taras"]
[Black "Salgado Lopez, Oscar"]
[Result "0-1"]
[WhiteElo "1862"]
[BlackElo "2199"]
[PlyCount "142"]
[EventDate "2006.10.06"]
[EventType "swiss"]
[EventRounds "9"]
[EventCountry "ESP"]
[Source "lmi"]
[SourceDate "2006.10.06"]

1. e4 c5 2. Nf3 e6 3. d4 cxd4 4. Nxd4 a6 5. Nc3 b5 6. a3 Bb7 7. Be2 Qc7 8. O-O
Nc6 9. Be3 Nf6 10. f3 Bc5 11. Bf2 Nxd4 12. Bxd4 e5 13. Bxc5 Qxc5+ 14. Kh1 O-O
15. Qd2 Rfd8 16. Rad1 Rac8 17. Qd6 Qxd6 18. Rxd6 Kf8 19. Rfd1 Rc6 20. Rxc6 Bxc6
21. Bd3 Ke7 22. Kg1 Rb8 23. Na2 g6 24. Nb4 a5 25. Nxc6+ dxc6 26. b3 Ne8 27. c4
bxc4 28. Bxc4 Nd6 29. Rd3 Nxc4 30. bxc4 Rb2 31. Rc3 a4 32. c5 Rb3 33. Rc4 Rxa3
34. Rb4 Rc3 35. Rxa4 Rxc5 36. Ra7+ Ke6 37. Rc7 Rc2 38. Kf1 h5 39. h4 f5 40.
exf5+ Kxf5 41. Rf7+ Ke6 42. Rg7 Kf6 43. Rc7 c5 44. g3 c4 45. Ke1 c3 46. Kd1 Rg2
47. Rxc3 Rxg3 48. Ke2 Rg2+ 49. Ke3 Rg1 50. Kf2 Rd1 51. Kg3 g5 52. hxg5+ Kxg5
53. Re3 Kf5 54. Rc3 Rd4 55. Rb3 Rd8 56. Rb4 Rg8+ 57. Kh4 Rg1 58. Re4 Rd1 59.
Kg3 Rd4 60. Re3 h4+ 61. Kh3 Kf4 62. Rb3 Rd2 63. Ra3 Rf2 64. Ra4+ Kxf3 65. Kxh4
e4 66. Kg5 e3 67. Ra3 Rd2 68. Ra8 Rd5+ 69. Kh4 e2 70. Ra3+ Kf2 71. Ra2 Kf1 0-1

[Event "3. Open Pueblo Nuevo"]
[Site "Madrid ESP"]
[Date "2006.10.29"]
[Round "9.2"]
[White "Del Barrio Garcia, Alberto"]
[Black "Fernandez Lledo, Javier"]
[Result "1-0"]
[WhiteElo "2002"]
[BlackElo "1907"]
[PlyCount "85"]
[EventDate "2006.10.06"]
[EventType "swiss"]
[EventRounds "9"]
[EventCountry "ESP"]
[Source "lmi"]
[SourceDate "2006.10.06"]

1. e4 g6 2. d4 Bg7 3. Nf3 c6 4. c4 d6 5. Nc3 Nd7 6. Be3 Ngf6 7. Be2 O-O 8. O-O
e5 9. d5 Ne8 10. dxc6 bxc6 11. c5 Qe7 12. cxd6 Nxd6 13. Qa4 Bb7 14. Rad1 Rfb8
15. Qa3 Bf8 16. Qxd6 Qxd6 17. Rxd6 Bxd6 18. Rd1 Bc5 19. Rxd7 Bxe3 20. fxe3 Bc8
21. Rd8+ Kg7 22. b3 f6 23. Bc4 Bg4 24. Rd6 Rc8 25. h3 Bxf3 26. gxf3 Rc7 27. Na4
Kh6 28. Nc5 Kh5 29. Rxf6 Rd8 30. Bd3 Kh4 31. Kg2 a5 32. a4 Rcc8 33. Rf7 h5 34.
Rd7 Rxd7 35. Nxd7 Re8 36. f4 exf4 37. exf4 g5 38. f5 g4 39. hxg4 Rd8 40. Ne5
hxg4 41. f6 Kh5 42. f7 Kg5 43. Nd7 1-0

[Event "3. Open Pueblo Nuevo"]
[Site "Madrid ESP"]
[Date "2006.10.29"]
[Round "9.3"]
[White "Martin Prieto, Oscar"]
[Black "Prieto Honorato, Juan Maria"]
[Result "0-1"]
[WhiteElo "2163"]
[BlackElo "2158"]
[PlyCount "74"]
[EventDate "2006.10.06"]
[EventType "swiss"]
[EventRounds "9"]
[EventCountry "ESP"]
[Source "lmi"]
[SourceDate "2006.10.06"]

1. c4 g6 2. Nc3 Bg7 3. g3 Nf6 4. Bg2 O-O 5. e4 c6 6. Nge2 d5 7. exd5 Bg4 8. h3
Bf5 9. d4 cxd5 10. O-O Nc6 11. a3 dxc4 12. b3 cxb3 13. Qxb3 Nxd4 14. Nxd4 Qxd4
15. Be3 Qe5 16. Bf4 Qa5 17. Rac1 e5 18. Be3 Rab8 19. Nd5 Be6 20. Rc5 Qa6 21.
Ne7+ Kh8 22. Qc3 Qd6 23. Nd5 Bxd5 24. Rd1 b6 25. Rcxd5 Nxd5 26. Rxd5 Qe7 27. h4
Rfd8 28. Rxd8+ Rxd8 29. Bh3 f5 30. Qc6 Qxa3 31. Bg5 Qd6 32. Qb7 Qd7 33. Qa6 Rc8
34. h5 h6 35. Be3 g5 36. Qa1 Rd8 37. Kh2 Qf7 0-1

[Event "3. Open Pueblo Nuevo"]
[Site "Madrid ESP"]
[Date "2006.10.29"]
[Round "9.5"]
[White "Salgado Lopez, Oscar"]
[Black "Aziz Ortego, Omar"]
[Result "0-1"]
[WhiteElo "2199"]
[BlackElo "2096"]
[PlyCount "156"]
[EventDate "2006.10.06"]
[EventType "swiss"]
[EventRounds "9"]
[EventCountry "ESP"]
[Source "lmi"]
[SourceDate "2006.10.06"]

1. e4 d6 2. d4 Nf6 3. Nc3 g6 4. f4 Bg7 5. Nf3 O-O 6. e5 dxe5 7. dxe5 Qxd1+ 8.
Kxd1 Nh5 9. Bd3 Bg4 10. Ke2 Nc6 11. Kf2 f6 12. exf6 Bxf6 13. Nd5 Bxf3 14. Kxf3
e5 15. Nxc7 Nd4+ 16. Kg4 Rac8 17. c3 Rxc7 18. cxd4 exf4 19. Rd1 Rd8 20. d5 Kg7
21. Bxf4 Nxf4 22. Kxf4 Rxd5 23. Be4 Rdc5 24. Rd5 Rc4 25. Rad1 Re7 26. Re1 Bxb2
27. Re2 Bf6 28. Kf3 Ra4 29. Rb5 b6 30. Bd5 Rd4 31. Rxe7+ Bxe7 32. Bc6 Bc5 33.
Rb2 Kf6 34. Re2 g5 35. g3 h5 36. Kg2 Rd1 37. h4 gxh4 38. gxh4 Rd4 39. Kh3 Bd6
40. Bf3 Kf5 41. Bxh5 Rd3+ 42. Kg2 Rg3+ 43. Kf2 Rh3 44. Be8 Rxh4 45. Ke1 Bc5 46.
Kd1 Kf4 47. Bc6 Be3 48. Kc2 Rh5 49. Kb3 Rh3 50. Kc4 Rh6 51. Bb7 b5+ 52. Kb3 Rb6
53. Bd5 a5 54. a3 Ke5 55. Rxe3+ Kxd5 56. Rh3 Re6 57. Rd3+ Kc5 58. Rd8 a4+ 59.
Kb2 Re2+ 60. Kc3 Ra2 61. Rc8+ Kb6 62. Rb8+ Kc6 63. Kb4 Rb2+ 64. Ka5 Rb3 65.
Rc8+ Kd5 66. Rb8 Kc4 67. Rc8+ Kd4 68. Rc7 Rc3 69. Rb7 Rxa3 70. Rxb5 Rb3 71.
Rb4+ Kc5 72. Rh4 a3 73. Rh1 a2 74. Rc1+ Kd4 75. Ra1 Rb8 76. Ka4 Kc3 77. Rh1 Rb1
78. Rh3+ Kd4 0-1